| Tag |
First Indicator |
Second Indicator |
Subfields |
| LEADER |
00000cam a2200000 i 4500 |
| 001 |
in00000802408 |
| 005 |
20151017103828.0 |
| 008 |
791020s1978 dcu f00010 eng d |
| 010 |
|
|
|a gp 80001862
|
| 020 |
|
|
|c pbk.
|
| 035 |
|
|
|a (OCoLC)05573690
|
| 035 |
|
|
|9 ADT8274AM
|
| 037 |
|
|
|b 20250
|
| 040 |
|
|
|c GPO
|d UtOrBLW
|
| 043 |
|
|
|a n-us---
|
| 074 |
|
|
|a 107-B
|
| 086 |
0 |
|
|a A 88.6:P 12
|
| 110 |
1 |
|
|a United States.
|b Agricultural Marketing Service.
|
| 245 |
1 |
0 |
|a Regulations and statements of general policy issued under the Packers and stockyards act, 1921, as amended.
|
| 250 |
|
|
|a Rev. Sept. 1978.
|
| 264 |
|
1 |
|a [Washington] :
|b Dept. of Agriculture, Agricultural Marketing Service,
|c 1978.
|
| 300 |
|
|
|a 61 pages ;
|c 23 cm.
|
| 336 |
|
|
|a text
|b txt
|2 rdacontent
|
| 337 |
|
|
|a unmediated
|b n
|2 rdamedia
|
| 338 |
|
|
|a volume
|b nc
|2 rdacarrier
|
| 650 |
|
0 |
|a Meat industry and trade
|x Law and legislation
|z United States.
|
| 999 |
|
|
|a MARS
|
| 999 |
f |
f |
|s ab808577-4b3d-3d78-828a-4a49353362ee
|i 3dc81e3b-9b33-3376-8773-cee602c171d2
|t 0
|
| 952 |
f |
f |
|p normal
|a Texas A&M University
|b College Station
|c Sterling C. Evans Library
|d Evans: US Documents (Annex 5th floor)
|t 0
|e A 88.6:P 12
|h Superintendent of Documents classification
|i unmediated -- volume
|m A14812520623
|
| 998 |
f |
f |
|a A 88.6:P 12
|t 0
|l Evans: US Documents (Annex 5th floor)
|